Sushi or Japanese Emperor Quiz Stats

 Plays Quiz Updated Jul 8, 2015

Challenge
Share
Tweet
Embed
Score 0/40 Timer 05:00
0 Plays Today
Sushi or Emperor Type 'S' or 'E' % Correct
Uni???
75%
Sake???
74.2%
Ebi???
72.7%
Tamago???
70.8%
Tako???
68%
Maguro???
67.2%
Hamachi???
67.1%
Saba???
66%
Anago???
65.9%
Reigen???
65.4%
Jito???
64.4%
Yozei???
64.1%
Kazan???
62.6%
Kogon???
62.3%
Kappa???
62.2%
Awabi???
61.6%
Ikura???
60.7%
Annei???
59.5%
Nijo???
59.1%
Ankan???
59.1%
Sushi or Emperor Type 'S' or 'E' % Correct
Tekka???
58.5%
Seimu???
58.1%
Otoro???
57.9%
Kosho???
56.8%
Chukyo???
56.7%
Shoko???
56.6%
Akagai???
56.2%
Sutoku???
56.1%
Itoku???
55.9%
Komei???
55.7%
Suiko???
55.4%
Tai???
54.8%
Chutoro???
51%
Katsuo???
50.7%
Saga???
50.1%
Hotate???
50%
Hokkigai???
49.4%
Suko???
48.3%
Toba???
45%
Fukusa???
39.5%

You're not logged in!

Compare scores with friends on all Sporcle quizzes.
OR
Log In

You Might Also Like...

Show Comments

Extras

Top Quizzes Today


Score Distribution

Your Account Isn't Verified!

In order to create a playlist on Sporcle, you need to verify the email address you used during registration. Go to your Sporcle Settings to finish the process.

Report this User

Report this user for behavior that violates our Community Guidelines.

Details: